Best Players to Ever Wear a Spurs Jersey - Statistics

General Stats
  • This quiz has been taken 11 times
  • The average score is 10 of 20
Answer Stats
Hint Answer % Correct
3. David Robinson
100%
11. Manu Ginobili
100%
1. Tim Duncan
100%
8. Tony Parker
100%
9. George Gervin
90%
4. Kawhi Leonard
90%
20. Victor Wembanyama
80%
14. DeMar DeRozan
70%
5. Chris Paul
50%
12. LaMarcus Aldridge
50%
18. De'Aaron Fox
40%
6. Dennis Rodman
30%
13. Alvin Robertson
20%
16. Artis Gilmore
20%
19. Michael Finley
20%
2. Moses Malone
20%
7. Pau Gasol
20%
10. Dominique Wilkins
10%
15. Maurice Cheeks
10%
17. Terry Cummings
0%
No matching quizzes found
Score Distribution
Percent of People with Each Score
Percentile by Number Answered
Your Score History
You have not taken this quiz